Makléř : příběh o chamtivosti a strachu /
Příběh z prostředí pražské burzy. Život makléře tvoří strmou křivku - úspěch a peníze, o jakých se chlapci z Valašska mohlo jen zdát. Ale cesta dolů může být rychlejší než cesta nahoru ve světě, kde jsou peníze vším.
Uloženo v:
| Hlavní autor: | |
|---|---|
| Médium: | E-kniha |
| Jazyk: | Czech |
| Vydáno: |
Brno :
BizBooks,
2018
|
| Vydání: | 1. vydání |
| Témata: | |
| Tagy: |
Žádné tagy |
| LEADER | 02476nam a2200397 i 4500 | ||
|---|---|---|---|
| 001 | 310952 | ||
| 003 | CZ PrSKC | ||
| 005 | 20260601215657.0 | ||
| 007 | ta | ||
| 008 | 181008s2018 xr g 000 f cze | ||
| 015 | |a cnb003044332 | ||
| 020 | |a 9788026508120 |q (vázáno) : |c Kč 299,00 | ||
| 035 | |a (OCoLC)1065846612 | ||
| 040 | |a BOA001 |b cze |e rda | ||
| 072 | 7 | |a 821.162.3-3 |x Česká próza |2 Konspekt | |
| 080 | |a 821.162.3-31 |2 MRF | ||
| 080 | |a (0:82-312.4) |2 MRF | ||
| 100 | 1 | |a Kodýdek, Martin |7 mzk20181010650 |4 aut | |
| 245 | 1 | 0 | |a Makléř : |b příběh o chamtivosti a strachu / |c Martin Kodýdek |
| 250 | |a 1. vydání | ||
| 264 | 1 | |a Brno : |b BizBooks, |c 2018 | |
| 300 | |a 181 stran ; |c 21 cm | ||
| 336 | |a text |b txt |2 rdacontent | ||
| 337 | |a bez média |b n |2 rdamedia | ||
| 338 | |a svazek |b nc |2 rdacarrier | ||
| 520 | 2 | |a Příběh z prostředí pražské burzy. Život makléře tvoří strmou křivku - úspěch a peníze, o jakých se chlapci z Valašska mohlo jen zdát. Ale cesta dolů může být rychlejší než cesta nahoru ve světě, kde jsou peníze vším. |b Makléř je příběhem mladíka z Valašska, který od dětství snil o úspěchu. Po vysoké škole se dostává do prestižní burzovní firmy, kde rychle míří k vrcholu. A to v oboru, v němž jediným měřítkem jsou peníze. V krátké a úderné knize s krimi zápletkou těží autor z detailní znalosti prostředí, neboť dlouhá léta pracoval u největšího obchodníka s cennými papíry v ČR. Podává autentický pohled do nitra dění na pražské burze. Nezaměřuje se na odborné detaily, ale spíše na příběh a vztahová témata, burzovní dění funguje hlavně jako zajímavá a pro část čtenářů exotická kulisa. Nakladatelská anotace. Kráceno. | |
| 655 | 7 | |a české romány |7 fd133974 |2 czenas | |
| 655 | 7 | |a thrillery (romány) |7 fd184206 |2 czenas | |
| 655 | 9 | |a Czech fiction |2 eczenas | |
| 655 | 9 | |a thrillers (novels) |2 eczenas | |
| 900 | |a ABA001 |b 19 | ||
| 928 | 9 | |a Albatros Media - BizBooks | |
| 044 | |a xr | ||
| 910 | |a RBIT002 | ||
| 998 | |d 179607 |a https://core.palmknihy.cz/api/books/179607/cover?pgn0fs |b https://core.palmknihy.cz/api/books/179607/cover/400?pgn0fs |c https://core.palmknihy.cz/api/books/179607/cover/50?pgn0fs |e 3999-12-31 |g 184 |i 9788026508120 |j https://core.palmknihy.cz/api/books/179607/preview.epub |k https://core.palmknihy.cz/api/books/179607/preview.pdf |l |q 49 |r 1 |s https://www.palmknihy.cz/kniha/179607 |t ebook |y 2018 |z 0 | ||
| 999 | |d 310950 | ||